000 00507nam a2200181 a 4500
001 5047
003 CO-ViMGA
008 141112s2004 ck r 000 u spa d
040 _aCO-ViMGA
_bspa
_cCO-ViMGA
082 0 4 _a155.2 R166
100 1 _aRappoport, Leon
_93279
245 1 0 _aLa personalidad desde los 6 a los 12 años :
_bel niño escolar
260 _aBarcelona :
_bPaidós,
_c1986
300 _a95 p
490 _aPaidós psicología evolutiva, 30
650 1 4 _aPERSONALIDAD
_95161
942 _2ddc
_cBK
999 _c17048
_d17048